| 000 | 00753cam a2200205 4500 | ||
|---|---|---|---|
| 001 | WB3627-19 | ||
| 008 | 000000n2000 000 0 eng u | ||
| 035 | _a(Sirsi) u107077 | ||
| 245 | _aPartnership approach to cost cutting | ||
| 260 | _c2000 | ||
| 490 |
_aFinancial Times _v 7 July 2000, 3(2) |
||
| 520 | _aThe property world is starting to collaborate to produce better results on the Internet. This is seen as particularly important after banks like Goldman Sachs, Morgan Stanley and Salomon Smith Barney combined to create a single Internet portal. | ||
| 590 | _aWB | ||
| 650 | _aINTERNET | ||
| 650 | _aPORTALS | ||
| 650 | _aREAL ESTATE | ||
| 650 |
_aProperty management _96262 |
||
| 690 | _aINFORMATION TECHNOLOGY-INTERNET | ||
| 942 | _n0 | ||
| 999 |
_c64028 _d64028 |
||